000 00837nam a2200217Ia 4500
001 15466
005 20260316154213.0
008 260306t2012||||xx |||||||||||||| ||und||
041 _aESP
082 _a540
_bZ93
100 _aZumdahl, Steven S.
_eAUT
245 0 _aPrincipios de química
260 _c2012
300 _axxiii, 716 páginas : A74, 4h
_c27 cm.
650 _aGEN
654 _aCCN
856 _uhttps://itmsp.museknowledge.com/UCSP?url=https://www.ebooks7-24.com:443/?il=9487&pg=1
_zVersión digital (2019)
856 _uhttps://0u213sn1t-y-https-ebooks7--24-com.itmsp.museknowledge.com/biblioteca.aspx
_zVéase además: Base de datos Ebook7-24
856 _uhttps://0u20fsn1v-y-https-research-ebsco-com.itmsp.museknowledge.com/c/qxo6us/search
_zVéase además: Base de datos EBSCOhost
942 _cLIB
_dJUS
_fJUS
_2ddc
999 _c15466
_d15466